01724cam a22003135a 45000010009000000050017000090080041000260100017000670200025000840200022001090400028001310430012001590820023001711000029001942450065002232600042002883000029003305000026003595040031003855050322004165200272007386500056010106510010010666530021010769420008010979990017011059520144011229520144012661815595920160728151951.0140519s2015 enk frb 001 0 eng d a 2014019774 a9781447901204 (pbk.) a1447901207 (pbk.) aDLCbengcDLCdEG-ScBUE ae-uk---04a344.41041bCHE2221 aCherkassky, Lisa.94053510aText, cases and materials on medical law /cLisa Cherkassky. aHarlow :bPearson Education,cc.2015. axxxiii, 820 p. ;c25 cm. aIndex : p. [799]-820. aBibliography : p. 790-798.8 aChapter 1: The ethics of medical law Chapter 2: The allocation of healthcare resources Chapter 3: Medical negligence Chapter 4: Consent Chapter 5: Confidentiality Chapter 6: Abortion Chapter 7: Mental health law Chapter 8: Assisted conception Chapter 9: Organs Chapter 10: Medical research Chapter 11: The end of life aText, Cases and Materials on Medical Law combines detailed commentary and analysis of the law with excerpts from a range of sources, both legal and non-legal, to help set the law in context and deepen your knowledge of this contentious and highly emotive area of law. 0aMedical laws and legislationzGreat Britain.2BUEsh 2BUEsh bLLAAWWcJuly2016 2ddc c22069d22041 00102ddc40708BaccahaMAINbMAINc1STd2016-07-28ePurchaseg314.00h26080l0o344.41041 CHEp000033068r2025-07-15 00:00:00v492.50yBB 00102ddc40708BaccahaMAINbMAINc1STd2016-07-28ePurchaseg394.00h26080l0o344.41041 CHEp000033069r2025-07-15 00:00:00v492.50yBB